[Event "Skalica Open 2019"]
[Site "Skalica"]
[Date "2019.08.25"]
[Round "1.1"]
[White "Demidov, Mikhail"]
[Black "Gasa, Patrik"]
[Result "1-0"]
[WhiteElo "2556"]
[BlackElo "2187"]
[Annotator "TA"]
[PlyCount "57"]
[EventDate "2019.08.25"]
[EventType "swiss"]
[EventCountry "SVK"]
[SourceTitle "playchess.com"]
[Source "ChessBase"]
[SourceQuality "1"]

{[%evp 10,57,25,7,26,0,12,26,85,32,27,11,24,8,41,0,50,53,81,66,93,83,124,64,122,122,119,111,122,118,109,59,79,65,83,40,158,143,142,147,167,156,204,191,209,196,191,196,203,168]} 1. d4 f5 2. g3 Nf6 3. Bg2 d5 4. c4 e6 5. Nc3 c6 6. Nh3 (6. Nf3 {keeps more tension.} Bd6 7. Qc2 O-O 8. O-O Ne4 9. Ne5) 6... Bd6 {A90: Dutch Defence: Miscellaneous and Modern Stonewall (with ...Bd6)} 7. Bf4 (7. O-O O-O 8. Qc2 dxc4 9. e4 e5 10. exf5 exd4 11. Ne2 c5 12. Qxc4+ Kh8 13. Ng5 Nc6 14. Bf4 Bxf5 15. Nf7+ Rxf7 16. Qxf7 {0-1 (25) Onischuk,A (2672)-Akobian,V (2647) Saint Louis 2018}) 7... Bxf4 8. Nxf4 g5 $146 (8... dxc4 $11 {remains equal.} 9. O-O O-O) ({Predecessor:} 8... O-O 9. O-O Qe7 10. Qc2 Nbd7 11. cxd5 Nxd5 12. Nd3 Qd6 13. Rad1 g6 14. Rfe1 N7f6 15. e4 fxe4 16. Nxe4 Nxe4 17. Bxe4 {1-0 (41) Stodolova,K (2038)-Zelenka,J (2045) Czechia 2007}) 9. Nh3 (9. Nd3 $16) 9... h6 $14 10. O-O O-O 11. f3 Qb6 12. cxd5 exd5 13. Qd2 Be6 14. Na4 $36 {[%mdl 2048] White has good play.} Qc7 15. Nc5 Qe7 16. Nf2 (16. Rfe1 $16) 16... b6 ({Black should try} 16... Bf7 $14) 17. Nxe6 $16 Qxe6 18. Bh3 Nbd7 19. Rae1 {Strongly threatening e4!} g4 20. fxg4 fxg4 21. Bg2 $1 Ne4 $1 {[%cal Re4d2]} 22. Qe3 {[%cal Rf2e4]} Ng5 (22... Kg7 $14) 23. Qxe6+ {White is clearly better.} Nxe6 24. Nxg4 Nxd4 {[#]} 25. e3 $1 {[%cal Re3d4]} ({Don't do} 25. Nxh6+ $6 Kg7 $14) 25... Rxf1+ 26. Rxf1 h5 {[#]} 27. Nh6+ $1 Kg7 {With the idea ...Ne2+.} 28. exd4 Kxh6 29. Rf7 {Accuracy: White = 44%, Black = 41%.} 1-0

[Event "Skalica Open 2019"]
[Site "Skalica"]
[Date "2019.08.25"]
[Round "1.2"]
[White "Husek, Martin"]
[Black "Maiorov, Nikita"]
[Result "1/2-1/2"]
[WhiteElo "2182"]
[BlackElo "2512"]
[Annotator "TA"]
[PlyCount "114"]
[EventDate "2019.08.25"]
[EventType "swiss"]
[EventCountry "SVK"]
[SourceTitle "playchess.com"]
[Source "ChessBase"]
[SourceQuality "1"]

{[%evp 13,114,40,37,19,41,41,45,41,52,24,29,35,54,11,30,46,51,13,29,29,73,79,67,54,72,52,149,150,149,187,179,181,171,184,175,178,206,81,247,254,240,40,40,39,42,58,52,22,53,-14,2,2,24,-18,-18,-10,-14,-12,-11,-16,-3,-8,0,0,0,0,0,-29,0,0,0,-24,-33,-32,-33,-65,-60,-60,-54,-54,0,0,0,0,0,0,0,0,0,0,0,0,0,0,8,8,84,8,8,8,135,135,135]} 1. e4 e5 2. Nf3 Nc6 3. Bc4 Bc5 4. O-O Nf6 5. d3 O-O 6. c3 d5 7. exd5 Nxd5 8. a4 {[%cal Ba2a4,Ba4a5][%mdl 32] C54: Giuoco Piano: 4 c3 Nf6, main lines with 5 d4 and 5 d3} (8. Re1 Bg4 9. Nbd2 Nb6 10. h3 Bh5 11. Bb3 Qxd3 12. Nxe5 Bxd1 13. Nxd3 Bxb3 14. axb3 Be7 15. b4 a6 16. Ne4 Nd7 {1-0 (40) Giri,A (2797)-Harikrishna,P (2723) Shenzhen 2019}) 8... Nf6 9. b4 Bd6 10. Nbd2 $146 {White is slightly better.} ({Predecessor:} 10. Bg5 h6 11. Bh4 Bg4 12. h3 Bf5 13. Nbd2 a5 14. b5 Nb8 15. Re1 Nbd7 {1-0 (39) Popov,I (2647)-Predke,A (2543) Kaliningrad 2015}) 10... Ne7 11. a5 Ng6 12. Ne4 h6 13. h3 Kh8 14. Nxf6 Qxf6 15. Nd2 Qd8 16. Ne4 Qh4 17. Nxd6 cxd6 18. Qf3 Qe7 19. a6 $36 {[%mdl 2048] White fights for an advantage.} Nh4 (19... Rb8 $14) 20. Qh5 $1 $16 Rb8 21. f4 $1 {[%cal Rf4e5] Black must now prevent fxe5.} b5 22. Bd5 {Hoping for fxe5.} Nf5 23. fxe5 $1 Qxe5 24. Be4 $1 {[%cal Re4f5]} Qxc3 25. Bxf5 (25. Bf4 $18) 25... Qd4+ $2 {[#]} (25... Bxf5 $16 26. Bxh6 Bg6 27. Bd2+ {[%mdl 64] Discovered Attack} Bxh5 28. Bxc3 Rfd8) 26. Kh2 $1 $18 {aiming for Bxh6!} Bxf5 (26... Qxa1 $2 {is the wrong capture.} 27. Bxh6 Bxf5 28. Be3+ Kg8 29. Rxa1 $18) 27. Bxh6 $2 (27. Rxf5 $18 Qxa1 {[%mdl 64] [#] Double Attack} 28. Bxh6 $1 {[%mdl 512]}) 27... Bh7 $14 28. Bf4 Kg8 29. Qf3 Rbe8 30. Qg3 Re6 31. Qf2 (31. Rae1 $14) 31... Qxf2 32. Rxf2 Rc8 33. Rc1 Rxc1 34. Bxc1 Bxd3 $11 {[%mdl 4096] Endgame KRB-KRB} 35. Rf3 Be4 36. Ra3 Re7 37. Rc3 f5 38. Rc8+ Kf7 39. Bg5 Rd7 40. Rb8 Bc6 41. Rc8 Be4 42. Rb8 Rc7 43. Rxb5 Rc2 44. Rb7+ Kg6 45. h4 Rxg2+ 46. Kh3 Rb2 (46... Rf2 $1 $15 47. Kg3 (47. Rxa7 f4 $17) 47... Rf3+ 48. Kh2 Rf1) 47. Rxa7 Rxb4 48. Rd7 f4 {...Bf5+ is the strong threat.} 49. a7 Ra4 50. Rxd6+ Kf5 {( -> ...Ra3+)} 51. Rd7 Ra3+ 52. Kh2 Ra2+ (52... Ra1 $5 53. Rf7+ $8 Ke6 54. Rxf4 Bd5 $11) 53. Kg1 Kg4 54. Rxg7 Kg3 (54... Kf3 $11 55. Rf7 Bd5 56. Rxf4+ Kg3) 55. Bh6+ (55. Bf6+ $16 Kf3 56. Re7) 55... Kf3 $1 56. Rf7 Kg3 (56... Bd5 $11 57. Rxf4+ Kg3) 57. Bxf4+ $16 Kxh4 {Accuracy: White = 59%, Black = 38%.} 1/2-1/2

[Event "Skalica Open 2019"]
[Site "Skalica"]
[Date "2019.08.25"]
[Round "1.3"]
[White "Potapov, Pavel"]
[Black "Kalisky, Vladimir"]
[Result "1-0"]
[WhiteElo "2496"]
[BlackElo "2179"]
[Annotator "TA"]
[PlyCount "97"]
[EventDate "2019.08.25"]
[EventType "swiss"]
[EventCountry "SVK"]
[SourceTitle "playchess.com"]
[Source "ChessBase"]
[SourceQuality "1"]

{[%evp 11,103,3,4,0,0,-9,-10,-11,-11,-54,-44,-31,-48,-22,-15,-29,-10,-15,-2,-44,28,28,22,35,27,22,70,0,3,-45,-39,-47,-31,-36,0,0,0,-19,0,-23,26,-63,58,47,58,18,112,137,142,121,245,200,195,153,154,154,457,195,289,266,392,478,456,441,355,268,185,0,0,0,660,606,1475,1409,1161,1148,1587,1599,4786,4894,4774,4090,2209,2000,29958,29959,29962,29961,29965,29968,29968,29968,29963,29968]} 1. e4 e5 2. Nf3 Nc6 3. Bb5 Nf6 4. d3 Bc5 5. O-O Nd4 6. Nxd4 Bxd4 7. c3 {C65: Ruy Lopez: Berlin Defence (3...Nf6), unusual lines and 4 0-0 Bc5} Bb6 8. Bg5 (8. Ba4 O-O 9. Bg5 h6 10. Bh4 d6 11. Nd2 g5 12. Bg3 Bg4 13. Qe1 Nh5 14. Bd1 Bxd1 15. Qxd1 Nxg3 16. hxg3 {½-½ (47) Caruana,F (2828)-Robson,R (2667) chess.com INT 2019}) 8... c6 9. Ba4 {The position is equal.} h6 10. Bh4 g5 11. Bg3 d6 12. Qd2 $146 ({Predecessor:} 12. Nd2 Bg4 13. Qb1 Qe7 14. Nc4 Bc7 {0-1 (35) Schutz,I (2194)-Hjelm,N (2313) Sweden 2012}) 12... Be6 13. Bb3 Qe7 14. Bxe6 Qxe6 15. Na3 Ke7 (15... h5 $15 16. Qxg5 h4 17. Bxh4 Bd8) 16. Kh1 $1 $11 h5 17. f3 h4 18. Bf2 Nh5 19. Kg1 ({Don't play} 19. Qxg5+ f6 $15) (19. Bxb6 $14 axb6 20. Qxg5+ Kd7 21. Qd2) 19... Nf4 $36 {[%mdl 2048] Black fights for an advantage.} 20. h3 Bxf2+ 21. Rxf2 Rhd8 22. d4 f6 23. Nc2 d5 24. exd5 Rxd5 25. Re1 Rad8 26. Ne3 (26. Nb4 $1 $11) 26... c5 (26... R5d7 $1 $15) 27. Nxd5+ $14 Qxd5 28. Re4 {Black must now prevent Qc2.} Kf8 (28... cxd4 $11 {remains equal.} 29. cxd4 Kf7) 29. c4 $1 $16 {[%cal Rc4d5]} Qxc4 30. dxe5 Rd4 (30... Rxd2 $16 {was called for.} 31. Rxc4 Rd1+ 32. Kh2 Nd3) 31. Rxd4 cxd4 32. exf6 $18 {[%mdl 4096] Endgame aiming for Qa5. KQR-KQN} Kf7 33. Qc2 b5 $2 (33... Qe6 $16 {is a better chance.} 34. Qh7+ Kxf6) 34. b3 (34. Qh7+ $142 Kxf6 35. Rc2 (35. Qxa7 Ne2+ 36. Rxe2 {[%mdl 64] Remove Defender} Qxe2 $18)) 34... Qc3 (34... Qe6 {keeps fighting.} 35. Qh7+ Kxf6) 35. Qe4 {Strongly threatening Qe7+.} Kxf6 (35... Qc1+ $142 36. Kh2 Qe3) 36. Rc2 $1 {[%cal Rc2c3]} Qe3+ 37. Qxe3 dxe3 {KR-KN} 38. Kf1 Ke5 {[#]} 39. Rc5+ $2 (39. Rc7 $1 $18) 39... Kd4 $11 40. Rxg5 {Hoping for Rf5.} Kd3 $2 {[%mdl 8192] [#]} (40... e2+ $11 41. Kf2 Kd3) 41. Ke1 $1 $18 b4 42. Rg4 Nd5 43. Rxh4 a5 44. Rh5 Nf4 45. Rg5 e2 46. Rg4 Nd5 47. Re4 Nc3 48. h4 {White mates.} a4 49. bxa4 {Played: h4-h5} 1-0

[Event "Skalica Open 2019"]
[Site "Skalica"]
[Date "2019.08.25"]
[Round "1.4"]
[White "Kapusta, Petr"]
[Black "Vykouk, Jan"]
[Result "0-1"]
[WhiteElo "2157"]
[BlackElo "2477"]
[Annotator "TA"]
[PlyCount "88"]
[EventDate "2019.08.25"]
[EventType "swiss"]
[EventCountry "SVK"]
[SourceTitle "playchess.com"]
[Source "ChessBase"]
[SourceQuality "1"]

{[%evp 16,88,-19,-38,-34,-91,-91,-99,-94,-92,-92,-80,-82,-92,-64,-108,-107,-106,-96,-104,-91,-92,-98,-91,-67,-89,-88,-79,-43,-48,-70,-72,-38,-32,-26,-58,-23,-57,-56,-89,-80,-97,-95,-85,-68,-74,-69,-170,-86,-87,-86,-156,-165,-177,-163,-329,-324,-458,-458,-458,-458,-458,-458,-458,-458,-458,-399,-454,-450,-450,-450,-418,-413,-428,-417]} 1. e4 c5 2. Nf3 Nc6 3. d4 cxd4 4. Nxd4 Qb6 5. Nb3 Nf6 6. Nc3 e6 7. Be3 Qc7 8. Be2 Bb4 9. f3 d5 {B33: Sicilian: Pelikan and Sveshnikov Variations} 10. exd5 ({Better is} 10. Bd2 $15) (10. Bd2 Bxc3 11. Bxc3 dxe4 12. Bxf6 gxf6 13. fxe4 Qe5 14. c3 b6 15. Bf3 Ba6 16. Kf2 Rd8 17. Qe1 Ke7 18. Rd1 Rxd1 19. Qxd1 Rd8 20. Qc1 Bc4 21. Nd2 Qc5+ 22. Kg3 Qg5+ 23. Kf2 Rxd2+ {0-1 (23) Tekno,S (2016)-Nguyen,D (2504) Johor 2017}) 10... Nxd5 $17 11. Bd2 Nxc3 {Black is better.} 12. Bxc3 Bxc3+ 13. bxc3 O-O 14. O-O e5 15. f4 $146 ({Predecessor:} 15. Qd2 Qb6+ 16. Kh1 Rd8 17. Qe1 {0-1 (40) Ng,S (1612)-Ooi,Z (1803) Penang 2013}) 15... exf4 16. Nd4 Nxd4 17. cxd4 Be6 18. Qd2 Rac8 19. Bd3 Bc4 20. Rxf4 Bxd3 21. cxd3 Rfe8 22. Raf1 f6 23. Rg4 Kh8 24. Re4 Red8 25. Rfe1 Qd6 26. Qe3 h6 27. Qh3 Qd5 28. Rh4 Rc7 ({But not} 28... Qxa2 $6 {[#]} 29. Rxh6+ $1 {[%mdl 512]} gxh6 30. Qxh6+ Kg8 31. Qg6+ Kh8 32. Qxf6+ Kg8 33. Qg5+ Kh8 34. Qf6+ Kg8 35. Qg5+ Kh8 36. Qh6+ Kg8 37. Qg5+ $11) 29. Qg3 Rcd7 30. Qg6 Qf7 31. Qf5 (31. Qxf7 $15 Rxf7 32. Kf2) 31... Rxd4 (31... Qxa2 $19 32. Rhe4 Qf7) 32. Rxd4 Rxd4 $19 {[%mdl 4096] Endgame KQR-KQR} 33. Qc8+ (33. Rc1 $142 Rd8 34. Rc8 Rxc8 35. Qxc8+ Kh7 36. Qf5+ g6 37. Qc5) 33... Kh7 $17 34. Re8 Qd7 35. Rh8+ $2 (35. Qxd7 {only move.} Rxd7 36. Re3) 35... Kg6 $19 36. Qg8 (36. Qxd7 $142 Rxd7 37. Ra8) 36... Rxd3 37. Qh7+ Kh5 {[#] ( -> ...Rd1+)} 38. Qe4 Rd1+ 39. Kf2 Qd2+ 40. Kg3 {[%csl Gg3][%cal Re4g4]} Qd3+ 41. Qxd3 Rxd3+ 42. Kf4 Kg6 43. Rb8 b6 44. Rb7 Ra3 {Accuracy: White = 29%, Black = 60%.} 0-1

[Event "Skalica Open 2019"]
[Site "Skalica"]
[Date "2019.08.25"]
[Round "1.5"]
[White "Pechac, Jergus"]
[Black "Skalsky, Alexandr"]
[Result "1/2-1/2"]
[WhiteElo "2471"]
[BlackElo "2128"]
[Annotator "TA"]
[PlyCount "71"]
[EventDate "2019.08.25"]
[EventType "swiss"]
[EventCountry "SVK"]
[SourceTitle "playchess.com"]
[Source "ChessBase"]
[SourceQuality "1"]

{[%evp 21,71,9,22,0,15,0,90,86,82,109,84,62,67,0,6,-35,-35,-125,-52,-32,-6,-6,-6,-13,-4,-6,0,-8,40,4,2,10,64,18,109,47,45,56,47,0,48,43,55,52,48,49,53,53,54,51,64,72]} 1. d4 Nf6 2. c4 g6 3. Nc3 d5 4. cxd5 Nxd5 5. e4 Nxc3 6. bxc3 Bg7 7. Be3 c5 8. Rc1 Qa5 9. Qd2 O-O 10. Nf3 Rd8 11. d5 e6 12. Be2 {D85: Exchange Grünfeld: Unusual White 7th moves and lines with 7 Nf3} (12. Bg5 f6 13. Be3 Nc6 14. h4 exd5 15. exd5 Bg4 16. Be2 c4 17. Bxc4 Bxf3 18. gxf3 Ne5 19. Be2 Qxd5 20. Qxd5+ Rxd5 {½-½ (40) Akobian,V (2625)-So,W (2762) Saint Louis 2019}) 12... Nc6 13. Bg5 {[#]} Rd6 $146 (13... f6 $11 14. Be3 b6) ({Predecessor:} 13... f6 14. Bf4 Qa4 15. Qc2 Qxc2 16. Rxc2 exd5 17. exd5 Ne7 18. c4 Nf5 19. Bd3 Bf8 20. O-O Bd7 21. Bc1 Re8 {½-½ (21) L'Ami,E (2634)-Tari,A (2599) Wijk aan Zee 2018}) 14. O-O $16 {White is better.} exd5 15. exd5 Bf5 16. Rfd1 {aiming for Qe3.} Re8 17. Qb2 (17. Re1 $14) 17... Nb4 $11 {[%mdl 64] [#] Pin} 18. Bc4 b5 19. Bf4 (19. cxb4 $15 cxb4 20. Qb3 bxc4 21. Rxc4) 19... bxc4 (19... Rdd8 $17 20. Bf1 Nxd5) 20. Bxd6 $15 Qxa2 21. Qa1 $132 {[%mdl 2048] White is not keeping still} Qxa1 22. Rxa1 Bxc3 23. Rxa7 Nd3 24. Be7 Bg7 (24... Bb2 $5 {[%cal Rc4c3]}) 25. d6 {Hoping for d7.} c3 $1 {[%cal Rc3c2] Threatens to win with ...c2.} 26. Ne1 Ne5 ({Black should play} 26... Nxe1 $11 27. Rxe1 Bh6) 27. Rd5 Nc6 (27... Rb8 $1 $11) 28. Rc7 ({Better is} 28. d7 $16 Bxd7 29. Raxd7) 28... Nxe7 $14 29. dxe7 {And now Rd8! would win.} Bf6 30. Rdxc5 (30. Rd8 $5 Rxd8 31. exd8=N Bxd8 32. Rxc5 $11) 30... Kg7 31. Kf1 {White is slightly better.} Bxe7 32. Rxc3 Bb4 33. Re3 Rxe3 34. fxe3 Bd6 {[%mdl 64] [#] Double Attack} 35. Ra7 Bc5 36. Ra4 {Accuracy: White = 42%, Black = 23%.} 1/2-1/2

[Event "Skalica Open 2019"]
[Site "Skalica"]
[Date "2019.08.25"]
[Round "1.6"]
[White "Bilczewski, Kacper"]
[Black "Czebe, Attila"]
[Result "0-1"]
[WhiteElo "2116"]
[BlackElo "2413"]
[Annotator "TA"]
[PlyCount "52"]
[EventDate "2019.08.25"]
[EventType "swiss"]
[EventCountry "SVK"]
[SourceTitle "playchess.com"]
[Source "ChessBase"]
[SourceQuality "1"]

{[%evp 9,130,56,54,55,66,-24,-24,-11,-5,-51,-61,-58,-65,-120,-128,-229,-110,-109,-99,-124,-124,-146,-147,-174,-160,-172,-103,-103,-116,-86,-31,-34,-22,-108,-117,-100,-99,-172,-126,-135,-113,-116,-60,-97,-77,-131,-124,-128,-94,-116,-110,-181,-190,-175,-173,-175,-15,-15,-22,-14,-8,-16,-20,-15,-15,-23,-14,-25,-18,-21,-18,-18,-25,-26,-21,-52,-39,-33,-32,-55,-63,-65,-52,-119,-119,-115,-108,-202,-189,-205,-83,-89,-82,-82,-83,-168,-129,-768,-768,-700,-654,-715,-700,-610,-596,-1321,-1278,-1352,-1190,-3999,-2368,-29962,-29962,-29966,-29967,-29966,-29968,-29969,-29970,-29971,-29971,-29974,-29975]} 1. e4 g6 2. d4 d6 3. Nc3 a6 4. f4 b5 5. Nf3 Bb7 6. Bd3 {B06: Modern Defence} c5 (6... Nd7 7. e5 Bg7 8. O-O Nh6 9. Ne4 O-O 10. c3 c5 11. dxc5 Nxc5 12. Nxc5 dxc5 13. Qe2 Qb6 14. Kh1 Nf5 15. a4 c4 16. Bxf5 gxf5 {½-½ (46) Kollars,D (2562)-Bacrot,E (2684) chess.com INT 2019}) 7. O-O ({White should play} 7. dxc5 $14 dxc5 8. Be3) 7... cxd4 $11 8. Nxd4 {Black has an edge.} Bg7 9. Nf3 Nd7 $146 {[%cal Bb8d7,Bd7f6,Bf6d5,Bd5c3][%mdl 32]} ({Predecessor:} 9... Nf6 10. a3 O-O 11. Qe1 e6 12. Kh1 d5 13. e5 Nfd7 14. Be3 {1-0 (55) Cerovic,D (2333)-Tisma,I (2127) Belgrade 2017}) 10. Be3 Ngf6 11. h3 (11. Bd4 $15) 11... b4 $17 12. e5 {[#]} (12. Na4 $17 {was called for.}) 12... bxc3 (12... dxe5 $1 $19 13. fxe5 Bxf3 14. gxf3 Nxe5) 13. exf6 Nxf6 14. bxc3 Nd5 15. Bd2 Nxc3 16. Bxc3 Bxc3 17. Rb1 {[#]} Qc7 ({Black should try} 17... Bd5 $1 $19 18. a3 e6) 18. f5 gxf5 19. Bxf5 Rg8 (19... e6 $17 20. Qe2 Bd5) 20. Qd3 $1 $15 Bf6 21. Be4 (21. Bxh7 $11 {keeps the balance.} Rg7 22. Be4) 21... Bxe4 22. Qxe4 Rc8 23. Ne1 (23. Rf2 $17) 23... Kf8 24. Qxh7 Qc5+ 25. Kh1 Rh8 (25... Rg6 $17 26. Rf3 (26. Rxf6 exf6 27. Qh8+ Rg8 $17) 26... Ke8) 26. Qe4 Rh4 {Played: Qc5-c4} 0-1

[Event "Skalica Open 2019"]
[Site "Skalica"]
[Date "2019.08.25"]
[Round "1.7"]
[White "Pulpan, Jakub"]
[Black "Jun, Rudolf Jr."]
[Result "1-0"]
[WhiteElo "2397"]
[BlackElo "2114"]
[Annotator "TA"]
[PlyCount "109"]
[EventDate "2019.08.25"]
[EventType "swiss"]
[EventCountry "SVK"]
[SourceTitle "playchess.com"]
[Source "ChessBase"]
[SourceQuality "1"]

{[%evp 22,109,26,36,51,51,65,62,102,56,52,43,51,43,72,52,60,44,52,0,42,33,44,35,44,43,44,52,40,34,47,0,30,22,41,0,0,0,0,0,0,0,0,2,2,0,55,14,14,2,20,2,8,2,32,32,32,32,47,19,57,22,150,72,56,0,158,161,150,146,221,93,111,79,110,5,265,259,386,352,673,667,648,645,547,553,1758,1548,6099,6099]} 1. Nf3 Nf6 2. b3 g6 3. Bb2 Bg7 4. g3 b6 5. Bg2 Bb7 6. c4 c5 7. O-O O-O 8. Nc3 Nc6 9. d4 Nxd4 10. Nxd4 Bxg2 11. Kxg2 cxd4 12. Qxd4 Ne8 {A30: Symmetrical English: Double Fianchetto and Hedgehog} (12... d6 13. Rad1 Nd7 14. Qd2 Nc5 15. Nd5 Bxb2 16. Qxb2 f6 17. b4 Nd7 18. Qb3 Rf7 19. Rd4 Ne5 20. f4 Nc6 {1-0 (65) Meier,G (2639)-Lenderman,A (2630) chess.com INT 2018}) 13. Qd2 Nc7 14. h4 h5 {White is slightly better.} 15. Rfd1 d6 16. Rac1 $146 ({Predecessor:} 16. Nd5 Nxd5 17. Bxg7 Kxg7 18. Qxd5 Rc8 19. Rd3 Qd7 20. Qd4+ Kg8 {½-½ (29) Konopka,M (2416)-Velicka,P (2412) Czech Republic 2015}) 16... Rc8 17. e4 a6 18. Qe2 Qe8 19. a4 Qc6 20. Re1 (20. Nd5 $14 Nxd5 21. exd5 (21. cxd5 Qb7 $14)) 20... Rfe8 21. Kh2 Ne6 22. Nd5 Nd4 23. Qd3 Nf3+ 24. Qxf3 Bxb2 25. Rcd1 Bg7 26. Rc1 Bb2 27. Rb1 Bg7 28. Kg2 e6 29. Nf6+ Bxf6 $1 30. Qxf6 b5 31. cxb5 axb5 32. a5 b4 $1 33. Ra1 Ra8 ({Better is} 33... Qc2 $11) 34. Ra4 Qc5 35. a6 Ra7 36. Rea1 Rea8 37. Qf3 Qb5 {[%cal Ra7a6]} 38. Ra5 Qc6 {[%cal Ra7a6]} 39. Qd3 f5 40. f3 {[%cal Re4f5]} Kf7 41. R1a2 {[%cal Re4f5]} Rc8 (41... fxe4 $1 $11 42. fxe4 Kg7) 42. Rb5 (42. exf5 $142 gxf5 43. Qe3) 42... Rca8 $16 43. Rba5 (43. exf5 $14 gxf5 44. Rba5 (44. Rxb4 Rxa6 45. Rxa6 Rxa6 $11)) 43... Rc8 44. exf5 gxf5 45. Qe3 $36 {[%mdl 2048] Keeping Black busy.} Rca8 (45... Rcc7 $16 46. Qh6 d5 47. Qh7+ (47. Qxh5+ Kg8 $18) 47... Kf8 48. Qh8+ (48. Qxh5 Kg8 $18) 48... Kf7 49. Qh7+ (49. Qxh5+ Kg8 $18) 49... Kf8 50. Qxh5 Kg8 51. Qg5+ Rg7) 46. Re2 (46. Qh6 $18 {has better winning chances.}) 46... d5 47. Qh6 {Black must now prevent Ra1.} Rxa6 {[#]} 48. Qxh5+ (48. Qh7+ $1 $16 Kf8 49. Rxa6 Qxa6 50. Re1) 48... Ke7 $2 {[%mdl 8192]} (48... Kg7 $11 {and Black is okay.} 49. Rxa6 Qxa6 50. Qg5+ Kf7 51. Qh5+ Kg7 52. Qg5+ Kf7 53. Qh5+ Kg7) 49. Qh7+ $18 Kd6 (49... Kf8 {might work better.}) 50. Qf7 {[%csl Gf7][%cal Re2e6]} Qd7 $2 (50... Qc8 51. Rxd5+ Kxd5 52. Rd2+ Kc6 53. Rc2+ {[%mdl 64] Skewer} Kd6 54. Rxc8 Rxc8) 51. Rxa6+ {White is clearly winning.} Rxa6 52. Qf8+ Kc7 53. Rc2+ Rc6 54. Ra2 {[#] Intending Ra7+ and mate.} Rb6 55. h5 {Accuracy: White = 37%, Black = 39%.} 1-0

[Event "Skalica Open 2019"]
[Site "Skalica"]
[Date "2019.08.25"]
[Round "1.8"]
[White "Havelka, Ondrej"]
[Black "Lanka, Zigurds"]
[Result "0-1"]
[WhiteElo "2112"]
[BlackElo "2395"]
[Annotator "TA"]
[PlyCount "48"]
[EventDate "2019.08.25"]
[EventType "swiss"]
[EventCountry "SVK"]
[SourceTitle "playchess.com"]
[Source "ChessBase"]
[SourceQuality "1"]

{[%evp 17,48,0,17,13,21,15,15,-121,-121,-114,-110,-120,-105,-128,-103,-232,-216,-183,-220,-220,-93,-62,-76,-233,0,-375,-337,-346,-341,-327,-328,-791,-827]} 1. d4 Nf6 2. c4 g6 3. Nc3 Bg7 4. e4 d6 5. f3 O-O 6. Be3 a6 7. Nge2 Nbd7 8. Qd2 c5 9. d5 b5 10. cxb5 {E81: King's Indian: Sämisch: 6th move deviations (including 6 Be3 c6)} Qa5 11. Nc1 (11. Ng3 Nb6 12. Be2 axb5 13. Nxb5 Bd7 14. Qxa5 Rxa5 15. Nc3 Na4 16. Nxa4 Rxa4 17. Bd2 Rfa8 {0-1 (58) Enchev,I (2432)-Spasov,V (2571) Panagyurishte 2012}) 11... axb5 12. Bxb5 (12. Nxb5 $11 Qxd2+ 13. Bxd2) 12... Nxe4 $146 ({Predecessor:} 12... Ba6 13. Nb3 Qb4 14. Bxa6 Rxa6 15. O-O Ne5 16. Qc2 Nc4 17. Bf2 Rb8 {½-½ (64) Wenninger,P (2259)-Arnaudov,P (2436) Germany 2014}) 13. fxe4 {Black must now prevent Rb1.} Bxc3 $1 14. Qxc3 Qxb5 15. Bh6 {[%csl Gh6][%cal Rc3g7]} Nf6 $1 16. Bxf8 {[#]} (16. Nd3 $17 Ba6 17. Bxf8) 16... Ra4 $1 $19 17. Bh6 {Ne2 is the strong threat.} ({Wrong is} 17. Bxe7 $2 Rxe4+ 18. Kd2 Nxd5 $19) 17... Rxe4+ 18. Kf2 {[#]} Rh4 (18... Ng4+ $1 $19 {has better winning chances.} 19. Kf3 Rd4) 19. Re1 $17 Rxh6 20. Rxe7 $2 (20. Kg1 $17) 20... Ba6 $2 (20... Nxd5 $19 21. Qb3 Qc6) 21. Ne2 $2 {[%mdl 8192]} (21. Re1 $11 Nxd5 22. Qd2 Rxh2 23. Kg1) 21... Nxd5 $19 {[%mdl 64] Double Attack} 22. a4 Qc6 23. Qd2 Rxh2 ({Weaker is} 23... Nxe7 24. Qxh6 Nf5 25. Qd2 $15) 24. Re4 $2 (24. Kg1 Rxg2+ 25. Kxg2) 24... Nf6 {Accuracy: White =  9%, Black = 72%.} 0-1

[Event "Skalica Open 2019"]
[Site "Skalica"]
[Date "2019.08.25"]
[Round "1.9"]
[White "Komliakov, Viktor"]
[Black "Benes, Miroslav"]
[Result "1-0"]
[WhiteElo "2366"]
[BlackElo "2107"]
[Annotator "TA"]
[PlyCount "57"]
[EventDate "2019.08.25"]
[EventType "swiss"]
[EventCountry "SVK"]
[SourceTitle "playchess.com"]
[Source "ChessBase"]
[SourceQuality "1"]

{[%evp 14,57,16,16,22,27,12,-20,16,14,10,0,24,-32,-33,-54,-28,-31,33,37,37,33,36,44,39,37,133,116,179,177,183,174,458,456,487,485,681,680,653,532,758,733,29997,29998,29998,29999]} 1. e4 e5 2. Nf3 Nc6 3. Bc4 Nf6 4. d3 Bc5 5. c3 a6 6. Nbd2 Ba7 7. h3 d6 8. Bb3 h6 {C54: Giuoco Piano: 4 c3 Nf6, main lines with 5 d4 and 5 d3} 9. Nf1 O-O (9... Be6 10. Ng3 Qd7 11. Qe2 Bxb3 12. axb3 Ne7 13. O-O Ng6 14. Nf5 O-O 15. Nh2 Qe6 16. b4 Ne7 17. Ng3 Ng6 18. Nf5 Ne7 19. Ng3 Ng6 20. Nf5 Ne7 {½-½ (20) Chigaev,M (2604)-Kovalev,V (2687) Wijk aan Zee 2019}) 10. g4 Nh7 {The position is equal.} 11. Rg1 Be6 12. Ng3 d5 13. Nf5 $146 (13. Qe2 $11) ({Predecessor:} 13. Qe2 Re8 14. exd5 Bxd5 15. Ne4 Bxb3 16. axb3 f6 17. h4 {1-0 (27) Bologan,V (2535)-Prakash,G (2355) Mamaia 1991}) 13... dxe4 $15 14. dxe4 Qxd1+ 15. Bxd1 f6 ({Better is} 15... Rfd8 $15) 16. h4 $14 Rad8 17. Bb3 Bxb3 18. axb3 {[%cal Ba2b3,Bb3b4][%mdl 32]} Rd3 19. Ke2 Rfd8 ({Black should play} 19... Rd7 $1 $14) 20. b4 Bb6 {[#]} (20... R3d7 $16) 21. g5 $1 $18 {[%cal Rg5f6]} hxg5 22. hxg5 fxg5 $2 (22... R3d7 {is a better defense.} 23. gxf6 Nxf6) 23. Bxg5 Nxg5 24. Rxg5 R3d7 (24... R8d7 $142 25. Rag1 Kf8 26. Rxg7 Rxg7) 25. Rag1 Kf8 26. Nxg7 Rd6 27. Nf5 {[#] Intending Rg8+ and mate.} Rf6 28. Rg8+ Kf7 29. R1g7+ {Accuracy: White = 68%, Black = 26%.} 1-0